| 000 | 00831nam a2200229Ia 4500 | ||
|---|---|---|---|
| 003 | OSt | ||
| 005 | 20220923212148.0 | ||
| 006 | a|||||r|||| 00| 0 | ||
| 007 | ta | ||
| 008 | 220922b |||||||| |||| 00| 0 hin d | ||
| 024 | _a151,276 | ||
| 037 | _cTextual | ||
| 040 |
_aARTS _cARTS _bhin |
||
| 041 |
_2hin _ahin |
||
| 082 | _aMY2, 152L3 | ||
| 100 |
_aआनन्द, आर0 एल0; शर्मा, परशुराम, अनु. _9162263 |
||
| 245 | 0 | _aखेल के मैदानों की रूपरेखा | |
| 246 | _aKhel ke maidānoan kī rūparekhā | ||
| 260 |
_aजालन्धर _b स्टलिंग पब्लि0 _c1973 |
||
| 942 |
_hMY2, 152L3 _cTEXL _2CC |
||
| 999 |
_c306949 _d306949 |
||